Дело о назначении графа Владимира Адлерберга министром Императорского двора

RUSMARC
00005737cbm2a2200000#x 450
0015d420e8d-7c9f-403d-bc40-933f84b807b0
00520230925105012.0
100##$a20170828l18521852k l0rusy0189 ca
1010#$arus
102##$aRU
2001#$aДело о назначении графа Владимира Адлерберга министром Императорского двора
$j1 сентября 1852 г.
251##$cДело
300##$aПо Санкт-Петербургской дирекции за 1852 год
300##$aОригинальный заголовок дела: Дело по высочайшему указу, данному 30 августа Правительствующему Сенату, о всемилостивейшем повелении быть министром Императорского двора господину генералу от инфантерии, генерал-адъютанту графу Владимира Федоровичу Адлербергу. 1 сентября 1852 г
300##$aРукописный текст. Чернила
801#0$aRU
$bРГИА
$c20170828
801#1$aRU
$bГлавНИВЦ
$c20170828
$2rusmarc
801#2$aRU
$bПБ им. Б.Н. Ельцина
$c20190306
$gRCR
$2rusmarc
850##$aФедеральное казенное учреждение "Российский государственный исторический архив"
852##$aРГИА
$j13787
937##$hРГИА
$d12250412
$aASBIBLIO_SCAN
462#0$1001e40fcb0b-ae70-479b-99ff-446a4d3065c4
$12001
$a1850-1884 гг.
$vД. 13787
$1251
$cОпись
$1852
$j2
461#0$10019264ebf8-de62-4f1a-9eb4-9f22098dbbd5
$12001
$aДирекция императорских театров МИДв
$1251
$cФонд
$1852
$j497
215##$a2 листа
$d36,5х26 см
371##$aДокумент не является опубликованным и широко распространяемым
105##$ay###
1220#$ad18520901##
5171#$aДело по высочайшему указу, данному 30 августа Правительствующему Сенату, о всемилостивейшем повелении быть министром Императорского двора господину генералу от инфантерии, генерал-адъютанту графу Владимира Федоровичу Адлербергу
$e1 сентября 1852 г.
035##$a5d420e8d-7c9f-403d-bc40-933f84b807b0
856##$uhttp://readingroom.main.prlib.ru/item.aspx?id_node=n126832638&mode=full
600#1$2prlib_sh
$3LIBNET\UAF\0000060383
$aАдлерберг
$bВ. Ф.
$f1791-1884
$gВладимир Федорович
$jАрхивные дела
60101$2prlib_sh
$3LIBNET\UAF\0000108249
$aРоссия
$bМинистерство Императорского двора и уделов
$jАрхивные дела
$xИстория
605##$2acquisition_Prlib
$3DITM\AF\0000002775
$aВласть
$lколлекция
605##$2acquisition_Prlib
$3LIBNET\UAF\0000108230
$aУправление делами Президента Российской Федерации: история и современность
$lколлекция
686##$2rubbk
$a63.3(2)52-33ю1
$vLBC/M
Формат отображения